| 000 | 00428nam a2200181Ia 4500 | ||
|---|---|---|---|
| 008 | 230524s9999 xx 000 0 und d | ||
| 020 | _a9780198083535 | ||
| 082 |
_a625.10092 _bCHA |
||
| 100 | _aSatish Chandra | ||
| 245 | 0 | _aRailway Engineering | |
| 250 | _a2 | ||
| 260 |
_aNew Delhi _bOxford _c2013 |
||
| 300 | _a"xx,652p;" | ||
| 500 | _aQuantity Number: 12 | ||
| 650 | _aCivil | ||
| 700 | _aM.M. Agarwal | ||
| 942 | _cBK | ||
| 999 |
_c55555 _d55555 |
||